| 000 | 00430cam a2200169ua 4500 | ||
|---|---|---|---|
| 041 |
_aeng _h |
||
| 082 |
_a510.02462 _bROS/MA |
||
| 100 | _aRose, W.N . | ||
| 245 |
_aMathematics for engineers part-1 / _cW.N.Rose. _hTextual Documents |
||
| 250 |
_a9 / _b. |
||
| 260 |
_aLondon : _bThe English Language book society , _c1960. |
||
| 300 | _a527 ; . | ||
| 504 | _a | ||
| 942 | _cBK | ||
| 999 |
_c8836 _d8836 |
||